| 000 | 00536nam a2200181Ia 4500 | ||
|---|---|---|---|
| 005 | 20250423101407.0 | ||
| 008 | 250422s9999 xx 000 0 und d | ||
| 020 | _a0941705064 | ||
| 050 | _aHC 59 .H46/ | ||
| 100 | _aHenderson, Hazel | ||
| 245 | 4 | _aThe politics of the solar age : alternatives to economics | |
| 260 | _aUnited State | ||
| 260 | _bAnchor Press/Doubleday | ||
| 260 | _c1988 | ||
| 300 | _a433 p | ||
| 650 | _aEconomic history--1971-1990. Economic policy. Renewable energy sources--Economic aspects. | ||
| 942 | _cBK | ||
| 999 |
_c36178 _d36178 |
||